000 00736nam a2200289Ia 4500
005 20260324122256.0
008 008 260324s9999 xx 000 0 eng d
020 _a9781315556680
037 _aEBOOK
040 _aCRL
040 _beng
040 _cCRL
041 _2eng
041 _aeng
084 _qCRL
100 _aJay Sanderson; Charles Lawson
_91165815
245 4 _aThe Intellectual Property and Food Project
245 0 _bFrom Rewarding Innovation and Creation to Feeding the World
260 _bTaylor and Francis
260 _c2013
365 _a
365 _b240
856 _uhttp://www.taylorfrancis.com/books/9781315556680
942 _cEBOOK
999 _c1758415
_d1758415